Stolice świata z literą „Z” - Statystyki

Ogólne statystyki
  • Ten quiz został rozwiązany 425 razy
    61 od ostatniego zresetowania
  • Średni wynik to 21 z 26
Statystyki odpowiedzi
Stolica % Poprawnych
Sztokholm
95%
Waszyngton
95%
Warszawa
93%
Bukareszt
90%
Lizbona
90%
Zagrzeb
90%
Budapeszt
88%
Kiszyniów
86%
Mogadiszu
86%
Taszkent
86%
Biszkek
83%
Kapsztad
83%
Rzym
83%
Jerozolima
81%
Abu Zabi
79%
Aszchabad
79%
Duszanbe
79%
Kinszasa
79%
La Paz
79%
Brazzaville
76%
Prisztina
74%
Vaduz
74%
Damaszek
71%
Nawakszut
67%
Nikozja
64%
Ciudad de la Paz
57%
Nie znaleziono quizów pasujących do podanych kryteriów
Rozkład punktacji
Procent ludzi z każdym wynikiem
Percentyl według liczby udzielonych odpowiedzi
Twoja historia wyników
Nie rozwiązałeś tego quizu od ostatniego zresetowania